| 000 | 00414nam a22001217a 4500 | ||
|---|---|---|---|
| 082 | _a220 PRO | ||
| 100 |
_aMuhammad Ammar Muzammil Ahmad Sarfraz Hamza Ali Nawaz _971262 |
||
| 245 | _aPR-SOF-1445-Indigenous Design & Fabrication of Low velocity Drop weight Impact Tester | ||
| 260 |
_aISLAMABAD _bNUST COLLEGE OF EME _c2015 |
||
| 650 |
_aDE-MECH-33 _971263 |
||
| 700 |
_aDR RIZWAN SAEED CHOUDHRY _917295 |
||
| 942 | _cCR | ||
| 999 |
_c577879 _d577879 |
||